000 00738nam a2200217 a 4500
001 8609
003 CO-ViMGA
008 141112s2004 ck r 000 u spa d
040 _aCO-ViMGA
_bspa
_cCO-ViMGA
082 0 4 _a363.450986 C65p
100 1 _aSAMPER PIZANO, ERNESTO
_98497
245 1 0 _aPolítica DEL GOBIERNO COLOMBIANO PARA LA LUCHA CONTRA LAS DROGAS /
_cSAMPER PIZANO ERNESTO
260 _aBogotá,
_cPRESIDENCIA DE LA REPUBLICA,
_c1995
300 _a57 p. il.
590 _aForma de adquisición : DONACION
650 1 4 _aCOLOMBIA - CONTROL DE DROGAS Y NARCOTICOS
_98498
650 1 4 _aCOLOMBIA - GOBIERNO SAMPER
_98499
650 1 4 _aNARCOTRAFICO - COLOMBIA
650 1 4 _aTRAFICO DE DROGAS - COLOMBIA
_98500
942 _2ddc
_cBK
999 _c20250
_d20250